[Event "DEN-ch"]
[Site "Silkeborg"]
[Date "2009.04.08"]
[Round "5"]
[White "Nielsen, Nicholas Roland"]
[Black "Andersen, Rune"]
[Result "0-1"]
[WhiteElo "2197"]
[BlackElo "2156"]
[PlyCount "72"]
[EventDate "2009.04.04"]
[EventType "swiss"]
[EventRounds "9"]
[EventCountry "DEN"]
[Source "ChessBase"]
[SourceDate "2009.05.05"]

1. e4 c5 2. Nf3 Nc6 3. d4 cxd4 4. Nxd4 Nf6 5. Nc3 e5 6. Ndb5 d6 7. Bg5 a6 8.
Na3 b5 9. Bxf6 gxf6 10. Nd5 Bg7 11. Qh5 Ne7 12. Nxe7 Qxe7 13. c3 Qb7 14. Bd3 d5
15. exd5 Qxd5 16. O-O-O Qe6 17. Qf3 Rb8 18. Be4 O-O 19. g4 Qxg4 20. Qd3 f5 21.
Qd6 Be6 22. Bd3 Qg5+ 23. f4 Qxf4+ 24. Kb1 Qh6 25. Be2 Qf6 26. Nc2 a5 27. a3
Rfc8 28. Rhg1 Kh8 29. Rg2 b4 30. axb4 axb4 31. Nxb4 Rb6 32. Qd2 e4 33. Rdg1 Bh6
34. Qc2 Be3 35. Rf1 Rxb4 36. Ba6 Rxc3 0-1

[Event "DEN-ch"]
[Site "Silkeborg"]
[Date "2009.04.12"]
[Round "9"]
[White "Nielsen, Nicholas Roland"]
[Black "Nielsen, Lasse Simoni"]
[Result "0-1"]
[WhiteElo "2197"]
[BlackElo "1973"]
[PlyCount "80"]
[EventDate "2009.04.04"]
[EventType "swiss"]
[EventRounds "9"]
[EventCountry "DEN"]
[Source "ChessBase"]
[SourceDate "2009.05.05"]

1. e4 c5 2. Nf3 e6 3. d4 cxd4 4. Nxd4 Nc6 5. Nc3 Qc7 6. f4 a6 7. Be2 Bb4 8.
Nxc6 bxc6 9. Qd4 Bf8 10. Be3 Nf6 11. O-O Rb8 12. b3 Be7 13. e5 Nd5 14. Nxd5
cxd5 15. c3 O-O 16. Rf3 f5 17. Kh1 Bb7 18. Rh3 Rbc8 19. Bd2 d6 20. exd6 Qxd6
21. Rf1 Bf6 22. Qd3 Rc7 23. Bf3 Rd8 24. g4 g6 25. Rg1 Qb6 26. Rg2 Rg7 27. Be3
d4 28. Bg1 fxg4 29. Rxg4 dxc3 30. Qc4 Bxf3+ 31. Rxf3 Qd6 32. f5 Rc7 33. Qf1
exf5 34. Rxf5 Bg7 35. Rff4 Qd5+ 36. Rg2 c2 37. Be3 Qd1 38. Rg1 c1=Q 39. Qf3
Qxf3+ 40. Rxf3 Qc6 0-1

[Event "DEN-ch"]
[Site "Silkeborg"]
[Date "2009.04.08"]
[Round "5"]
[White "Ochsner, Bjorn Moller"]
[Black "Boje, Tobias Rosholm"]
[Result "1-0"]
[WhiteElo "2041"]
[BlackElo "2018"]
[PlyCount "73"]
[EventDate "2009.04.04"]
[EventType "swiss"]
[EventRounds "9"]
[EventCountry "DEN"]
[Source "ChessBase"]
[SourceDate "2009.05.05"]

1. e4 c6 2. d4 d5 3. Nc3 dxe4 4. Nxe4 Bf5 5. Ng3 Bg6 6. h4 h6 7. Nf3 Nd7 8. h5
Bh7 9. Bd3 Bxd3 10. Qxd3 e6 11. Bf4 Qa5+ 12. Bd2 Qc7 13. O-O-O Ngf6 14. c4
O-O-O 15. Ne4 Nxe4 16. Qxe4 Nf6 17. Qe2 c5 18. dxc5 Bxc5 19. Ne5 Rd4 20. f4
Rhd8 21. Qf3 Re4 22. b3 Bd6 23. Bc3 Bc5 24. Rxd8+ Kxd8 25. Rd1+ Ke8 26. Rd3 b6
27. g4 a5 28. g5 hxg5 29. fxg5 Be3+ 30. Rxe3 Rxe3 31. Qxe3 Nd7 32. Nxd7 Kxd7
33. Bxg7 b5 34. h6 bxc4 35. Qd4+ Ke8 36. Qxc4 Qa7 37. Qc6+ 1-0

[Event "DEN-ch"]
[Site "Silkeborg"]
[Date "2009.04.06"]
[Round "3"]
[White "Ochsner, Bjorn Moller"]
[Black "Jorgensen, Brian Jorgen"]
[Result "1/2-1/2"]
[WhiteElo "2041"]
[BlackElo "2274"]
[PlyCount "119"]
[EventDate "2009.04.04"]
[EventType "swiss"]
[EventRounds "9"]
[EventCountry "DEN"]
[Source "ChessBase"]
[SourceDate "2009.05.05"]

1. e4 e6 2. d4 d5 3. Nc3 Nf6 4. e5 Nfd7 5. f4 c5 6. Nf3 Nc6 7. Be3 cxd4 8. Nxd4
Bc5 9. Qd2 a6 10. O-O-O O-O 11. Nb3 Be7 12. Kb1 b5 13. Ne2 b4 14. Ned4 Nxd4 15.
Nxd4 Qc7 16. g4 Bc5 17. Bd3 a5 18. Qf2 Ba6 19. Qh4 Bxd3 20. Rxd3 Rfc8 21. Rc1
a4 22. Bf2 Bxd4 23. Bxd4 b3 24. Rh3 Nf8 25. f5 Qc4 26. Bc3 exf5 27. gxf5 bxc2+
28. Ka1 a3 29. Qxc4 axb2+ 30. Kxb2 Rxc4 31. Rd3 Rca4 32. Rxd5 Rxa2+ 33. Kb3
R2a4 34. Bb4 Ra1 35. Rxc2 Rb1+ 36. Kc4 Rf1 37. Bxf8 Kxf8 38. e6 Rc8+ 39. Rc5
Rxc5+ 40. Kxc5 Rxf5+ 41. Kd6 fxe6 42. Kxe6 Rf6+ 43. Ke5 Kf7 44. Rg2 g6 45. Ke4
Kg7 46. Ke3 Kh6 47. Rf2 Ra6 48. Kf3 Kh5 49. Kg3 Ra4 50. Rf3 Kg5 51. Rb3 Ra5 52.
Rb4 Ra3+ 53. Kg2 Kh5 54. Rb2 g5 55. Rb4 g4 56. Rb2 Kg5 57. Rb5+ Kh4 58. Rb2 h5
59. Rc2 Ra5 60. h3 1/2-1/2

[Event "DEN-ch"]
[Site "Silkeborg"]
[Date "2009.04.11"]
[Round "8"]
[White "Ochsner, Bjorn Moller"]
[Black "Rewitz, Poul"]
[Result "1-0"]
[WhiteElo "2041"]
[BlackElo "2263"]
[PlyCount "95"]
[EventDate "2009.04.04"]
[EventType "swiss"]
[EventRounds "9"]
[EventCountry "DEN"]
[Source "ChessBase"]
[SourceDate "2009.05.05"]

1. e4 c6 2. d4 d5 3. Nc3 dxe4 4. Nxe4 Bf5 5. Ng3 Bg6 6. h4 h6 7. Nf3 Nd7 8. h5
Bh7 9. Bd3 Bxd3 10. Qxd3 e6 11. Bf4 Qa5+ 12. Bd2 Qc7 13. O-O-O Ngf6 14. Ne4
O-O-O 15. g3 Nc5 16. Nxc5 Bxc5 17. c4 Bd6 18. Bc3 Kb8 19. Qe2 Ka8 20. Kb1 Rb8
21. d5 exd5 22. Bxf6 gxf6 23. cxd5 Rbe8 24. Qc2 cxd5 25. Rxd5 Qxc2+ 26. Kxc2
Re2+ 27. Rd2 Rhe8 28. Kd1 Rxd2+ 29. Nxd2 b5 30. Re1 Rd8 31. Re2 Kb7 32. Kc2
Rc8+ 33. Kb1 f5 34. Nb3 a6 35. Rd2 Kc7 36. Rc2+ Kd7 37. Rxc8 Kxc8 38. f4 Bb4
39. Nd4 Kd7 40. Nxf5 Ke6 41. Nxh6 f5 42. g4 fxg4 43. Nxg4 Kf5 44. h6 Bf8 45. h7
Bg7 46. Ne5 Kf6 47. Kc2 Bh8 48. Kc3 1-0

[Event "DEN-ch"]
[Site "Silkeborg"]
[Date "2009.04.09"]
[Round "6"]
[White "Ochsner, Bjorn Moller"]
[Black "Teplyi, Igor"]
[Result "1-0"]
[WhiteElo "2041"]
[BlackElo "2287"]
[PlyCount "97"]
[EventDate "2009.04.04"]
[EventType "swiss"]
[EventRounds "9"]
[EventCountry "DEN"]
[Source "ChessBase"]
[SourceDate "2009.05.05"]

1. e4 c5 2. Nf3 d6 3. d4 cxd4 4. Nxd4 Nf6 5. Nc3 a6 6. Bg5 e6 7. f4 Qb6 8. Qd2
Nc6 9. Bxf6 gxf6 10. Nb3 Bd7 11. Be2 h5 12. Bf3 O-O-O 13. O-O-O Ne5 14. Be2 Ng4
15. Bxg4 hxg4 16. Qe2 Be7 17. Nd4 Rdg8 18. Kb1 Kb8 19. Qd2 Rc8 20. f5 Rc4 21.
Qd3 Rhc8 22. Ka1 Qa5 23. Nb3 Qe5 24. Nd4 Bd8 25. h3 Bb6 26. Nde2 d5 27. exd5
exf5 28. hxg4 fxg4 29. Qg3 Qxg3 30. Nxg3 f5 31. Rhf1 Bd4 32. Nxf5 Be5 33. Kb1
Rb4 34. a3 Rb6 35. Ka2 f6 36. Nd4 Rh8 37. Nb3 Rh2 38. Rd2 g3 39. Ne4 f5 40.
Nec5 Bc8 41. Re2 Bg7 42. Ne6 Bh8 43. Rxf5 a5 44. c3 a4 45. Nbc5 Rd6 46. c4 b5
47. cxb5 Rb6 48. Rf8 Rxb5 49. d6 1-0

[Event "DEN-ch"]
[Site "Silkeborg"]
[Date "2009.04.04"]
[Round "1"]
[White "Ochsner, Bjorn Moller"]
[Black "Matthiesen, Martin"]
[Result "0-1"]
[WhiteElo "2041"]
[BlackElo "2291"]
[PlyCount "82"]
[EventDate "2009.04.04"]
[EventType "swiss"]
[EventRounds "9"]
[EventCountry "DEN"]
[Source "ChessBase"]
[SourceDate "2009.05.05"]

1. e4 c5 2. Nf3 d6 3. d4 cxd4 4. Nxd4 Nf6 5. Nc3 Nc6 6. Bg5 e6 7. f4 Be7 8. Qd2
O-O 9. Be2 Nxd4 10. Qxd4 Qa5 11. O-O-O h6 12. Bh4 e5 13. Qd2 exf4 14. Kb1 Kh8
15. Bf2 Be6 16. Qxf4 Rac8 17. Bd4 Kg8 18. h4 b5 19. Bf3 Rxc3 20. Bxc3 b4 21.
Bd4 Qxa2+ 22. Kc1 Rc8 23. Kd2 Qc4 24. c3 Bd8 25. Ra1 Bb6 26. Qe3 Nd7 27. Qd3
Qb3 28. Qc2 Qxc2+ 29. Kxc2 Bxd4 30. Kd3 Bb6 31. cxb4 Ne5+ 32. Kd2 Rc4 33. b5
Rb4 34. Kc3 Rxb5 35. b4 a5 36. bxa5 Bxa5+ 37. Kc2 Bb3+ 38. Kb2 Nc4+ 39. Kc1
Bd2+ 40. Kb1 Ba4+ 41. Ka2 Rb2# 0-1

[Event "DEN-ch"]
[Site "Silkeborg"]
[Date "2009.04.12"]
[Round "9"]
[White "Pedersen, Martin Rosenkilde"]
[Black "Seegert, Kristian"]
[Result "0-1"]
[WhiteElo "2204"]
[BlackElo "2098"]
[PlyCount "88"]
[EventDate "2009.04.04"]
[EventType "swiss"]
[EventRounds "9"]
[EventCountry "DEN"]
[Source "ChessBase"]
[SourceDate "2009.05.05"]

1. e4 c5 2. c3 g6 3. d4 cxd4 4. cxd4 d5 5. exd5 Nf6 6. Bb5+ Bd7 7. Bc4 Qc7 8.
Bb3 a5 9. Nc3 a4 10. Nxa4 Rxa4 11. Bxa4 Qa5+ 12. Bd2 Qxa4 13. Qxa4 Bxa4 14. Rc1
Na6 15. Nf3 Nxd5 16. Ne5 e6 17. b3 Bd7 18. a4 f6 19. Nxd7 Kxd7 20. Ke2 Bb4 21.
Rc4 Bxd2 22. Kxd2 Nab4 23. Rhc1 Nc6 24. Rb1 Na5 25. Rcc1 Nb4 26. g3 Nac6 27.
Ke3 Ra8 28. Rc5 b6 29. Rc4 Ra5 30. Rbc1 Rh5 31. h4 Nd5+ 32. Ke2 Na5 33. Rc8
Nxb3 34. R1c4 Nxd4+ 35. Kd3 Nb3 36. Rg8 Nc5+ 37. Ke2 Nxa4 38. Rg7+ Kd6 39. Rc8
Nc5 40. Rh8 b5 41. Rhxh7 Rxh7 42. Rxh7 b4 43. Rh8 b3 44. Rb8 Kc7 0-1

[Event "DEN-ch"]
[Site "Silkeborg"]
[Date "2009.04.10"]
[Round "7"]
[White "Pedersen, Martin Rosenkilde"]
[Black "Damm, Kasper Wilken"]
[Result "1/2-1/2"]
[WhiteElo "2204"]
[BlackElo "2231"]
[PlyCount "30"]
[EventDate "2009.04.04"]
[EventType "swiss"]
[EventRounds "9"]
[EventCountry "DEN"]
[Source "ChessBase"]
[SourceDate "2009.05.05"]

1. e4 c5 2. c3 Nf6 3. e5 Nd5 4. d4 cxd4 5. Nf3 e6 6. cxd4 d6 7. Bc4 Nc6 8. O-O
Be7 9. a3 O-O 10. Re1 Bd7 11. Bd3 Rc8 12. exd6 Bxd6 13. Nc3 Nf6 14. Bc2 Ne7 15.
Bg5 Bc6 1/2-1/2

[Event "DEN-ch"]
[Site "Silkeborg"]
[Date "2009.04.09"]
[Round "6"]
[White "Pedersen, Martin Rosenkilde"]
[Black "Nielsen, Nicholas Roland"]
[Result "1-0"]
[WhiteElo "2204"]
[BlackElo "2197"]
[PlyCount "67"]
[EventDate "2009.04.04"]
[EventType "swiss"]
[EventRounds "9"]
[EventCountry "DEN"]
[Source "ChessBase"]
[SourceDate "2009.05.05"]

1. e4 g6 2. d4 Bg7 3. Nc3 d6 4. Bg5 Nd7 5. Qd2 c5 6. Nf3 b6 7. O-O-O Bb7 8. Bc4
Rc8 9. Qf4 f6 10. e5 Bxf3 11. gxf3 cxd4 12. exf6 Ngxf6 13. Qxd4 Ne5 14. Be6
Nxf3 15. Qa4+ Kf8 16. Bxf6 Bxf6 17. Bxc8 Qxc8 18. Nd5 Bg5+ 19. Kb1 Qb7 20. Ka1
Kg7 21. h4 Bh6 22. h5 Rf8 23. hxg6 hxg6 24. Qg4 Bg5 25. Qh3 Bh4 26. Rd3 g5 27.
Rxf3 Qxd5 28. Rxf8 Kxf8 29. f4 Kf7 30. fxg5 Bxg5 31. Qh5+ Kf6 32. Qh8+ Kg6 33.
Qh7+ Kf6 34. Rf1+ 1-0

[Event "DEN-ch"]
[Site "Silkeborg"]
[Date "2009.04.05"]
[Round "2"]
[White "Pedersen, Martin Rosenkilde"]
[Black "Wiecker, Stefan"]
[Result "1/2-1/2"]
[WhiteElo "2204"]
[BlackElo "2102"]
[PlyCount "21"]
[EventDate "2009.04.04"]
[EventType "swiss"]
[EventRounds "9"]
[EventCountry "DEN"]
[Source "ChessBase"]
[SourceDate "2009.05.05"]

1. e4 c5 2. c3 Nf6 3. e5 Nd5 4. d4 cxd4 5. Nf3 Nc6 6. Bc4 e6 7. cxd4 d6 8. O-O
Be7 9. Qe2 Qb6 10. Rd1 Na5 11. Bxd5 1/2-1/2

[Event "DEN-ch"]
[Site "Silkeborg"]
[Date "2009.04.07"]
[Round "4"]
[White "Pedersen, Martin Rosenkilde"]
[Black "Ochsner, Bjorn Moller"]
[Result "1/2-1/2"]
[WhiteElo "2204"]
[BlackElo "2041"]
[PlyCount "78"]
[EventDate "2009.04.04"]
[EventType "swiss"]
[EventRounds "9"]
[EventCountry "DEN"]
[Source "ChessBase"]
[SourceDate "2009.05.05"]

1. e4 c5 2. c3 Nf6 3. e5 Nd5 4. d4 cxd4 5. Nf3 e6 6. cxd4 d6 7. Bc4 Nc6 8. O-O
Be7 9. Qe2 O-O 10. Qe4 Bd7 11. Bd3 f5 12. exf6 Nxf6 13. Qe2 Qa5 14. Nc3 Qh5 15.
h3 d5 16. Bf4 Ne4 17. Be5 Ng5 18. Nxg5 Qxg5 19. f4 Qh4 20. Rad1 Nxe5 21. Qxe5
Bf6 22. Qe3 a6 23. Kh2 Rae8 24. Ne2 Be7 25. Qg3 Qxg3+ 26. Kxg3 Bd6 27. h4 g6
28. Kh2 Kg7 29. g4 Bb5 30. Bxb5 axb5 31. Rc1 b4 32. b3 Ra8 33. Rc2 Rac8 34.
Rfc1 Rxc2 35. Rxc2 Bxf4+ 36. Nxf4 Rxf4 37. Kg3 Rxd4 38. Rc7+ Kg8 39. Rc8+ Kg7
1/2-1/2

[Event "DEN-ch"]
[Site "Silkeborg"]
[Date "2009.04.11"]
[Round "8"]
[White "Petersen, Martin Reib"]
[Black "Andersen, Rune"]
[Result "1/2-1/2"]
[WhiteElo "1974"]
[BlackElo "2156"]
[PlyCount "143"]
[EventDate "2009.04.04"]
[EventType "swiss"]
[EventRounds "9"]
[EventCountry "DEN"]
[Source "ChessBase"]
[SourceDate "2009.05.05"]

1. Nf3 c5 2. g3 d6 3. d4 g6 4. dxc5 Qa5+ 5. Qd2 Qxc5 6. Qc3 Qxc3+ 7. Nxc3 Nf6
8. Bg2 Bg7 9. Nb5 Na6 10. c3 O-O 11. Be3 Be6 12. Bxa7 Bc4 13. Na3 Bxe2 14. Kxe2
Rxa7 15. Nb5 Raa8 16. Nd2 d5 17. Rhe1 e5 18. Kf1 e4 19. Nb3 Ng4 20. h3 Ne5 21.
Rad1 Nd3 22. Re2 Rad8 23. Rxd3 exd3 24. Rd2 Rd7 25. Rxd3 Rfd8 26. h4 b6 27. Bh3
f5 28. N3d4 Nc5 29. Rd2 Ra8 30. a3 Re8 31. Nc6 Bh6 32. Rd1 Nb3 33. Bg2 Nd2+ 34.
Kg1 Ne4 35. c4 Bf8 36. b4 Rc8 37. Ne5 Re7 38. Bxe4 dxe4 39. Nd7 Rc6 40. c5 bxc5
41. Nxc5 Re8 42. Nd7 Bg7 43. a4 e3 44. fxe3 Rxe3 45. Kf2 Bh6 46. Nd4 Rd6 47.
Nxf5 Rxd1 48. Nf6+ Kh8 49. Nxe3 Rd2+ 50. Kf3 Bf8 51. Nfd5 Rd4 52. b5 Rxa4 53.
Nc7 Ra3 54. Ke4 Bd6 55. b6 Bxg3 56. Nc4 Rb3 57. Kd5 Bxh4 58. Kc6 Bd8 59. b7
Bxc7 60. Kxc7 Rxb7+ 61. Kxb7 Kg7 62. Kc6 Kf6 63. Kd5 Kf5 64. Kd4 Kf4 65. Kd3
Kf3 66. Nd2+ Kg2 67. Ke3 g5 68. Nf3 h6 69. Ne1+ Kg3 70. Ke2 h5 71. Kf1 Kh2 72.
Nf3+ 1/2-1/2

[Event "DEN-ch"]
[Site "Silkeborg"]
[Date "2009.04.10"]
[Round "7"]
[White "Petersen, Martin Reib"]
[Black "Seegert, Kristian"]
[Result "0-1"]
[WhiteElo "1974"]
[BlackElo "2098"]
[PlyCount "84"]
[EventDate "2009.04.04"]
[EventType "swiss"]
[EventRounds "9"]
[EventCountry "DEN"]
[Source "ChessBase"]
[SourceDate "2009.05.05"]

1. Nf3 f5 2. g3 Nf6 3. Bg2 g6 4. O-O Bg7 5. d3 O-O 6. c4 d6 7. Nc3 e5 8. Rb1 c6
9. b4 Qc7 10. a4 h6 11. b5 Be6 12. Nd2 Nbd7 13. bxc6 bxc6 14. Ba3 Rab8 15. Qc2
Rfc8 16. Rxb8 Rxb8 17. Rb1 Rxb1+ 18. Qxb1 Bf8 19. Bb4 a5 20. Ba3 Nb8 21. Nb3
Na6 22. Kf1 Qb6 23. Nd2 Nb4 24. Nf3 Ng4 25. e3 f4 26. gxf4 exf4 27. c5 Qxc5 28.
Bxb4 Qxb4 29. h3 Qxc3 30. hxg4 fxe3 31. fxe3 Bxg4 32. Nd4 c5 33. Bd5+ Kh8 34.
Qb8 Qxd3+ 35. Kf2 Qd2+ 36. Kf1 Bh3+ 37. Kg1 Qxe3+ 38. Kh2 Qf4+ 39. Kxh3 cxd4
40. Qe8 Qe3+ 41. Qxe3 dxe3 42. Kg3 Bg7 0-1

[Event "DEN-ch"]
[Site "Silkeborg"]
[Date "2009.04.05"]
[Round "2"]
[White "Petersen, Martin Reib"]
[Black "Molvig, Henrik"]
[Result "1/2-1/2"]
[WhiteElo "1974"]
[BlackElo "2213"]
[PlyCount "30"]
[EventDate "2009.04.04"]
[EventType "swiss"]
[EventRounds "9"]
[EventCountry "DEN"]
[Source "ChessBase"]
[SourceDate "2009.05.05"]

1. Nf3 Nf6 2. g3 g6 3. b3 Bg7 4. Bb2 O-O 5. Bg2 c5 6. d3 d5 7. Nbd2 Nc6 8. O-O
Qc7 9. e4 d4 10. a4 e5 11. h3 a6 12. Kh1 b6 13. Ng1 Bb7 14. Ne2 b5 15. f4 exf4
1/2-1/2

[Event "DEN-ch"]
[Site "Silkeborg"]
[Date "2009.04.07"]
[Round "4"]
[White "Rasmussen, Allan Stig"]
[Black "Hansen, Sune Berg"]
[Result "1/2-1/2"]
[WhiteElo "2501"]
[BlackElo "2543"]
[PlyCount "90"]
[EventDate "2009.04.04"]
[EventType "swiss"]
[EventRounds "9"]
[EventCountry "DEN"]
[Source "ChessBase"]
[SourceDate "2009.05.05"]

1. e4 e5 2. Nf3 Nf6 3. Nxe5 d6 4. Nf3 Nxe4 5. d3 Nf6 6. d4 d5 7. Bd3 Be7 8. O-O
O-O 9. Re1 Bg4 10. Nbd2 c5 11. dxc5 Bxc5 12. Nb3 Bb6 13. Be2 Nc6 14. Nfd4 Re8
15. f3 Bh5 16. c3 Ne5 17. Bg5 Nc4 18. Qc1 h6 19. Bh4 Bg6 20. Bf2 Qc7 21. Nd2
Ne5 22. Nf1 a6 23. Ng3 Nc4 24. b3 Ne5 25. Qd2 Rac8 26. Rac1 Bc5 27. a4 Ba3 28.
Ra1 Bc5 29. Bf1 Bb6 30. Re3 Red8 31. Nge2 Nh5 32. g4 Nf6 33. Bg3 Nfd7 34. Nf4
Qc5 35. Nxg6 Nxg6 36. b4 Qf8 37. Bd3 Bxd4 38. cxd4 Nb6 39. Qe1 Nc4 40. Re2 Re8
41. Raa2 Rxe2 42. Rxe2 a5 43. Bf5 Ra8 44. bxa5 Qa3 45. Kg2 Nf8 1/2-1/2

[Event "DEN-ch"]
[Site "Silkeborg"]
[Date "2009.04.09"]
[Round "6"]
[White "Rasmussen, Allan Stig"]
[Black "Carstensen, Jacob"]
[Result "1-0"]
[WhiteElo "2501"]
[BlackElo "2331"]
[PlyCount "45"]
[EventDate "2009.04.04"]
[EventType "swiss"]
[EventRounds "9"]
[EventCountry "DEN"]
[Source "ChessBase"]
[SourceDate "2009.05.05"]

1. d4 Nf6 2. c4 e6 3. g3 d5 4. Nf3 Be7 5. Bg2 O-O 6. O-O b6 7. Ne5 Bb7 8. Nc3
Ne4 9. cxd5 Nxc3 10. bxc3 exd5 11. c4 Na6 12. cxd5 Bxd5 13. Nc6 Bxc6 14. Bxc6
Rb8 15. a3 Bf6 16. Be3 b5 17. Qd3 Rb6 18. Bxb5 Nb8 19. Rac1 Rd6 20. Rfd1 c6 21.
Ba4 Qa5 22. Qb3 g5 23. Bd2 1-0

[Event "DEN-ch"]
[Site "Silkeborg"]
[Date "2009.04.04"]
[Round "1"]
[White "Rasmussen, Allan Stig"]
[Black "Damm, Kasper Wilken"]
[Result "1-0"]
[WhiteElo "2501"]
[BlackElo "2231"]
[PlyCount "81"]
[EventDate "2009.04.04"]
[EventType "swiss"]
[EventRounds "9"]
[EventCountry "DEN"]
[Source "ChessBase"]
[SourceDate "2009.05.05"]

1. d4 Nf6 2. g3 g6 3. Bg2 Bg7 4. e4 d6 5. Nc3 O-O 6. Nge2 c6 7. a4 Nbd7 8. h3
Re8 9. O-O e5 10. Be3 Qe7 11. g4 exd4 12. Bxd4 Ne5 13. f4 Nexg4 14. hxg4 Bxg4
15. Qd3 d5 16. e5 Nh5 17. Ng3 Nxg3 18. Qxg3 Bf5 19. Qf2 Qb4 20. a5 Red8 21.
Rfb1 Bxc2 22. Rc1 Bd3 23. Bc5 Qb3 24. Ra3 Qc4 25. Na2 Qb5 26. Nb4 Bc4 27. b3
Bf8 28. Bxf8 Kxf8 29. Na2 Bd3 30. Rc5 d4 31. Rxb5 Bxb5 32. Bf3 Rab8 33. b4 Bc4
34. Qc2 Bd5 35. Qc5+ Kg7 36. Nc1 b6 37. axb6 axb6 38. Qe7 Bc4 39. Bxc6 d3 40.
Nxd3 Bxd3 41. e6 1-0

[Event "DEN-ch"]
[Site "Silkeborg"]
[Date "2009.04.11"]
[Round "8"]
[White "Rasmussen, Allan Stig"]
[Black "Rasmussen, Karsten"]
[Result "1-0"]
[WhiteElo "2501"]
[BlackElo "2447"]
[PlyCount "97"]
[EventDate "2009.04.04"]
[EventType "swiss"]
[EventRounds "9"]
[EventCountry "DEN"]
[Source "ChessBase"]
[SourceDate "2009.05.05"]

1. d4 d5 2. c4 e6 3. Nf3 Nf6 4. g3 dxc4 5. Bg2 Bb4+ 6. Bd2 c5 7. dxc5 Bxc5 8.
O-O O-O 9. Qc2 Nbd7 10. Na3 Nb6 11. Nxc4 Bd7 12. Na5 Rc8 13. Qd1 Bc6 14. Nxc6
Rxc6 15. Ne5 Rd6 16. Nd3 Rd7 17. Qb3 Bd6 18. Rac1 h6 19. Ba5 Nfd5 20. Bxd5 exd5
21. Bxb6 axb6 22. Rc2 Re8 23. Rd1 h5 24. Kg2 h4 25. Qb5 Qe7 26. Qxb6 Qe4+ 27.
f3 Qg6 28. Qf2 Rde7 29. Rdd2 hxg3 30. hxg3 Re6 31. Nc5 Re5 32. Nxb7 Rh5 33.
Nxd6 Qh6 34. Qg1 Qxd6 35. e4 Qe6 36. g4 Rg5 37. exd5 Rxg4+ 38. fxg4 Qxg4+ 39.
Kh1 Qf3+ 40. Rg2 Qh5+ 41. Rh2 Qxd5+ 42. Rcg2 Re2 43. Qc1 f6 44. Kg1 Qd4+ 45.
Kf1 Re4 46. Rd2 Qe5 47. Qc8+ Kf7 48. Qd7+ Kg8 49. Qd5+ 1-0

[Event "DEN-ch"]
[Site "Silkeborg"]
[Date "2009.04.06"]
[Round "3"]
[White "Rasmussen, Allan Stig"]
[Black "Lund, Silas"]
[Result "1-0"]
[WhiteElo "2501"]
[BlackElo "2430"]
[PlyCount "81"]
[EventDate "2009.04.04"]
[EventType "swiss"]
[EventRounds "9"]
[EventCountry "DEN"]
[Source "ChessBase"]
[SourceDate "2009.05.05"]

1. e4 e5 2. Nf3 Nc6 3. Bb5 Nf6 4. O-O Nxe4 5. d4 Nd6 6. Bxc6 dxc6 7. dxe5 Nf5
8. Qxd8+ Kxd8 9. Nc3 Ke8 10. h3 a5 11. Re1 Bb4 12. Bd2 h6 13. a3 Bxc3 14. Bxc3
Be6 15. g4 Ne7 16. Nd4 g5 17. Kg2 Ng6 18. Kg3 c5 19. Nf3 Kd7 20. Bd2 Rhg8 21.
Rad1 Kc6 22. Bxg5 hxg5 23. Nxg5 Rh8 24. f4 Nh4 25. f5 Nxf5+ 26. gxf5 Bxf5 27.
Rf1 Bxc2 28. Rf6+ Kb5 29. Rd7 Rae8 30. Nf3 Be4 31. a4+ Kxa4 32. Rf4 b5 33.
Rxe4+ c4 34. Rxc7 Kb3 35. Nd4+ Kxb2 36. Nxb5 Rh5 37. Nd6 Rg8+ 38. Rg4 Rgh8 39.
Nxc4+ Kc3 40. Nxa5+ Kd3 41. Rd7+ 1-0

[Event "DEN-ch"]
[Site "Silkeborg"]
[Date "2009.04.04"]
[Round "1"]
[White "Rasmussen, Karsten"]
[Black "Pedersen, Martin Rosenkilde"]
[Result "1-0"]
[WhiteElo "2447"]
[BlackElo "2204"]
[PlyCount "75"]
[EventDate "2009.04.04"]
[EventType "swiss"]
[EventRounds "9"]
[EventCountry "DEN"]
[Source "ChessBase"]
[SourceDate "2009.05.05"]

1. e4 c5 2. Nf3 e6 3. c3 Nf6 4. e5 Nd5 5. d4 cxd4 6. cxd4 d6 7. Bc4 Nb6 8. Bd3
dxe5 9. dxe5 N8d7 10. Qe2 Nc5 11. Bc2 Nd5 12. O-O Bd7 13. a3 Be7 14. b4 Na4 15.
Qe4 Rc8 16. Bd3 a5 17. Qg4 g6 18. bxa5 Qxa5 19. Bg5 Nc5 20. Bc4 Bxg5 21. Nxg5
h6 22. Nf3 O-O 23. Bxd5 exd5 24. Qf4 Ne4 25. Qxh6 Rc2 26. a4 Bg4 27. Ra3 Qb6
28. Re3 Bxf3 29. gxf3 Nxf2 30. Rxf2 Qxb1+ 31. Kg2 Rc1 32. Qf4 Rg1+ 33. Kh3 Qb6
34. Rg2 Rc1 35. e6 Rc4 36. Qh6 Rc6 37. exf7+ Kxf7 38. Qh7+ 1-0

[Event "DEN-ch"]
[Site "Silkeborg"]
[Date "2009.04.10"]
[Round "7"]
[White "Rasmussen, Karsten"]
[Black "Jacobsen, Bo"]
[Result "1-0"]
[WhiteElo "2447"]
[BlackElo "2325"]
[PlyCount "81"]
[EventDate "2009.04.04"]
[EventType "swiss"]
[EventRounds "9"]
[EventCountry "DEN"]
[Source "ChessBase"]
[SourceDate "2009.05.05"]

1. d4 g6 2. e4 Bg7 3. Nc3 c6 4. f4 b5 5. Nf3 d6 6. Bd3 Nd7 7. O-O Qc7 8. Kh1 a6
9. Qe1 Nb6 10. Qh4 d5 11. f5 dxe4 12. Bf4 Qb7 13. Nxe4 Bxf5 14. Nc5 Qc8 15.
Bxf5 gxf5 16. Rae1 Nd5 17. Qg3 Kf8 18. Ng5 Nxf4 19. Qxf4 Bf6 20. Re2 h5 21. Nf3
Nh6 22. Ne5 Ra7 23. c3 h4 24. Nxc6 Rc7 25. Nb4 e5 26. dxe5 Be7 27. Ncd3 h3 28.
Nd5 hxg2+ 29. Rxg2 Rc4 30. Qf3 Rg4 31. Nxe7 Kxe7 32. Re2 Qc4 33. e6 fxe6 34.
Ne5 Qxa2 35. Nxg4 Nxg4 36. Rfe1 Kf7 37. Qd3 Rh6 38. Qd7+ Kf8 39. Qd8+ Kf7 40.
Qd7+ Kf8 41. Rxe6 1-0

[Event "DEN-ch"]
[Site "Silkeborg"]
[Date "2009.04.08"]
[Round "5"]
[White "Rasmussen, Karsten"]
[Black "Akdag, Dara"]
[Result "1/2-1/2"]
[WhiteElo "2447"]
[BlackElo "2199"]
[PlyCount "210"]
[EventDate "2009.04.04"]
[EventType "swiss"]
[EventRounds "9"]
[EventCountry "DEN"]
[Source "ChessBase"]
[SourceDate "2009.05.05"]

1. e4 c5 2. Nf3 d6 3. Nc3 Nf6 4. e5 dxe5 5. Nxe5 Nbd7 6. Nc4 e6 7. g3 Be7 8.
Bg2 O-O 9. O-O Nb6 10. Ne5 Nbd5 11. Re1 Re8 12. d3 Bf8 13. Qf3 Qc7 14. Bd2 a6
15. Ng4 Rb8 16. Nxf6+ Nxf6 17. Bg5 Be7 18. Qf4 Bd6 19. Qe3 Be7 20. Bxf6 gxf6
21. g4 Kh8 22. h3 Bd7 23. Ne4 Rg8 24. Ng3 Rg5 25. f4 Rgg8 26. Rf1 Rbd8 27. Kh1
c4 28. d4 Qb6 29. c3 Bc6 30. Rf2 Bxg2+ 31. Rxg2 Rd5 32. Rf1 Ra5 33. a3 Rb5 34.
Rff2 Rd5 35. Qf3 Qc6 36. Nf1 Rd6 37. Nd2 Qxf3 38. Rxf3 b5 39. Ne4 Rd5 40. Re2
h5 41. Rg2 hxg4 42. hxg4 Kg7 43. f5 e5 44. g5 Kf8 45. gxf6 Rh8+ 46. Rh2 Rxh2+
47. Kxh2 Bd8 48. dxe5 Rxe5 49. Rf4 Bc7 50. Kg2 Rd5 51. Rf2 Re5 52. Ng3 Bd8 53.
Rd2 Bxf6 54. Rd6 Bg5 55. Rxa6 Bc1 56. a4 Bxb2 57. axb5 Rxb5 58. f6 Kg8 59. Ne4
Rb3 60. Ng5 Rb8 61. Ra7 Bxc3 62. Rxf7 Bxf6 63. Rxf6 Rc8 64. Rf2 Kg7 65. Ne4 Rc6
66. Rc2 Kf7 67. Kf3 Ke6 68. Ke3 Kd5 69. Rd2+ Ke5 70. Ng5 Rc7 71. Nf3+ Ke6 72.
Nd4+ Ke5 73. Rh2 c3 74. Rh5+ Kf6 75. Kd3 c2 76. Nxc2 Re7 77. Nd4 Re1 78. Rf5+
Ke7 79. Kc4 Rc1+ 80. Kd5 Rd1 81. Rf3 Rd2 82. Ra3 Rd1 83. Ra6 Rd2 84. Ke5 Rh2
85. Ra7+ Ke8 86. Kd5 Rh6 87. Nf5 Rh1 88. Nd6+ Kd8 89. Nf7+ Ke8 90. Ne5 Rh6 91.
Rb7 Ra6 92. Rh7 Ra5+ 93. Kd6 Ra6+ 94. Nc6 Ra1 95. Ke6 Re1+ 96. Ne5 Kd8 97. Ra7
Re2 98. Ra1 Kc7 99. Rb1 Rh2 100. Rc1+ Kb6 101. Nc4+ Kc5 102. Ne3+ Kd4 103. Nf5+
Kd3 104. Ra1 Rh5 105. Ra3+ Kc4 1/2-1/2